000 00757nam a2200241Ia 4500
003 OSt
005 20220918173230.0
006 a|||||r|||| 00| 0
007 ta
008 220917b |||||||| |||| 00| 0 eng d
024 _a5,728
037 _cTextual
040 _aARTS
_cARTS
_beng
041 _2eng
_aeng
082 _a20bT3, K0
110 _aAmerican Library association library community project headquarters staff
_945438
245 0 _aStudying the community
_b A basis for planning library adult education services
260 _c1960
650 _aLIBRARY SCIENCE
700 _aAmerican Library association library community project headquarters staff
_945439
942 _h20bT3, K0
_cTEXL
_2CC
999 _c147757
_d147757